000 nam a22 4500
999 _c9063
_d9063
008 180410b ||||| |||| 00| 0 eng d
100 _927201
_aHernando-Malipot, Merlina
245 _aFinancial literacy to be integrated into basic education curriculum/
_cMerlina Hernando-Malipot
260 _aPhilippines
_bManila Bulletin
_cc2017
300 _apage 2.
650 0 _927203
_aFinance.
942 _2ddc
_cPER